000 00366nam a2200133 4500
005 20260530113853.0
100 1 _aLoft Publicaciones
_931395
245 1 0 _aUltimas tendencias de Iluminación
264 1 _bNumen Arte a través del Tiempo
_c2013
300 _a255 páginas
336 _atexto
_2rdacontent
337 _asin medio
_2rdamedia
338 _avolumen
_2rdacarrier
999 _c11512
_d11512